000 00765nam a2200181Ia 4500
008 151018s9999 xx 000 0 und d
082 _bRBASDV63766
_a891.431
100 _aपुष्पिता अवस्थी
245 _aसुरीनाम का सृजनात्मक साहित्य
250 _b1
260 _bसाहित्य अकादमी नई दिल्ली
_c2012
300 _a351
600 _aपुष्पिता अवस्थी
630 _aसुरीनाम का सृजनात्मक साहित्य
700 _aपुष्पिता अवस्थी
730 _aसुरीनाम का सृजनात्मक साहित्य
942 _cBOOK
999 _c1056107
_d1056104